000 00702nam a2200265Ia 4500
001 Para_5005
003 CHAP
008 220125s1938 xx 000 0 und d
010 _a203462
040 _cCHAP
090 _aPA FOLLETO 2364
100 _aGraham, C
_950207
245 _aThe plum curculio /
_c C. Graham
260 _aCollege Park :
_b University of Maryland
300 _ap. 309-45
440 _aMaryland Agr. Exp. Sta. Bull; 419
_9169258
650 _aConotrachelus nenuphar
_927254
901 _aPA FOLLETO 2364
902 _aA
905 _a0000001938 ck 0000000000 00
910 _a1938
942 _cPARA
942 _cPARA
_d1
999 _c203462
_d203462